000 00984nam a2200265 a 4500
001 BRL_470
005 20190320210746.0
008 190813s1989----mx-o######---#000-0#spa-#
041 _aspa
044 _amx
050 4 _aF1391.T216
_b.R36 1989
100 1 _aRamírez Salazar, Carlos Arturo
_924012
245 1 0 _aTanquian
_bel poder y su dinámica histórica en la huasteca potosina 1870-1985
_cCarlos Arturo Ramírez S.
260 _aMéxico
_bArchivo Histórico del Estado de San Luis Potosí
_c1989
300 _a178 p.
_bil., mapas
_c22 cm.
500 _aAu497, Au2116
504 _aBibliografía: p. 169-177
650 1 4 _aElite (ciencias sociales)
_zTanquián, San Luis Potosí
_924013
650 1 4 _aPoder (ciencias sociales)
_zTanquián, San Luis Potosí
_924014
651 4 _aTanquián, San Luis Potosí
_xHistoria
_924015
651 4 _aHuasteca, Región (México)
_xHistoria
_924016
651 4 _aSan Luis Potosí, México
_xHistoria
_95574
902 _aGRL
942 _2lcc
_cB
999 _c9282
_d9282